000 01078nam a22003257a 4500
001 0074
003 DO-SdBNP
005 20180131132019.0
007 0074
008 151008b sp 1984 sp| 00| 0 spa d
020 _a842724908X
040 _aBPMSU
_bspa
_cBPMSU
092 _a813
_bA788mi
100 1 0 _aArthur, Robert,
_d1909-1969
240 _aThe mystery of the spider.
_lEspañol.
245 1 0 _aMisterio de la araña de plata /
_cRobert Arthur ; traducción Ma. Lourdes Pol de Ramírez ; ilustración R. Escolano
260 _aBarcelona :
_bMolino,
_c1984
300 _a140 p. :
_bil.,
_c20 cm.
490 1 0 _aAlfred Hitchcock y los tres investigadores
_v8
650 4 _aNOVELA POLICÍACA INGLESA
650 4 _aLITERATURA POLICÍACA INGLESA
650 4 _aLITERATURA JUVENIL INGLESA
700 1 0 _aPol Ramírez, Ma. Lourdes de,
_etr.
700 1 0 _aEscolano, R.,
_eil.
830 0 0 _aAlfred Hitchcock y los tres investigadores
_n8
942 _2ddc
_cBK
945 _aInventariado, 2018/ YL
956 _aBrenda Tavárez
_b10
956 _aValidado. Control de calidad MFF
999 _c8346
_d8346